Guía didáctica para docentes : somos iguales y diferentes. guía para niñas y niños de prevención de prácticas discriminatorias

Guardado en:
Autor Principal: Mouratian, Pedro
Formato: Libro
Publicado: Buenos Aires : Instituto Nacional contra la Discriminación, la Xenofobia y el Racismo Inadi, 2014
Edición:2a. ed.
Series:Guía Didáctica para docentes
Materias:
Etiquetas: Agregar Etiqueta
Sin Etiquetas, Sea el primero en etiquetar este registro!
LEADER 00758nam a22002175a 4500
001 CEM.cems014499
005 20141021155653.0
008 130507s2014##################000#0#####d
003 CEMS
020 |a 9789871629145 
082 0 4 |a F323.4 
100 1 |a Mouratian, Pedro 
245 1 0 |a Guía didáctica para docentes :  |b somos iguales y diferentes. guía para niñas y niños de prevención de prácticas discriminatorias 
250 |a 2a. ed. 
260 |a Buenos Aires :  |b Instituto Nacional contra la Discriminación, la Xenofobia y el Racismo Inadi,  |c 2014 
300 |a 42 p. 
490 0 |a Guía Didáctica para docentes 
653 |a Educación 
653 |a Pedagogía 
653 |a Discriminación 
859 |a CEMS  |b BIB. CEMS - 11 de abril  |h F323.4  |i 12  |p 2818.44  |t Ej.1